Štúdium striedavých strát v kompozitných MgB2 supravodičoch

Salvato in:
Dettagli Bibliografici
Autore principale: Gažová, Kristína (Autore)
Altri autori: Chlpík, Juraj (Relatore della tesi)
Natura: Manoscritto Libro
Lingua:slovacco
Pubblicazione: 2025
Soggetti:
Accesso online:http://is.stuba.sk/zp/portal_zp.pl?podrobnosti=184568
Tags: Aggiungi Tag
Nessun Tag, puoi essere il primo ad aggiungerne!!

MARC

LEADER 00000ntm a22000003a 4500
001 stuzp97217
003 SK-STU
005 20250614210442.4
007 ta
008 150427s2015----xo-----f-mn---000-0-slo-d
040 |a STU  |b slo 
041 0 |a slo 
100 1 |a Gažová, Kristína  |u 036000  |k Z4  |4 aut  |U FEI Fakulta elektrotechniky a informatiky  |T FEI Ústav jadrového a fyzikálneho inžinierstva  |X 111246  |U E060  |Y 817  |7 111246 
242 0 1 |a Experimental study of AC losses in MgB 2 superconductors  |y eng 
245 1 0 |a Štúdium striedavých strát v kompozitných MgB2 supravodičoch 
260 |c 2025 
650 4 |a MgB2 superconductors  |2 eng 
650 4 |a multifilamentary conductors  |2 eng 
650 4 |a monofilamentary conductors  |2 eng 
650 4 |a calibration-free method  |2 eng 
650 4 |a magnetization measurement  |2 eng 
650 4 |a AC losses  |2 eng 
650 4 |a superconductivity  |2 eng 
650 4 |a striedavé straty  |2 slo 
650 4 |a calibration free metóda  |2 slo 
650 4 |a magnetizačné meranie  |2 slo 
650 4 |a supravodiče MgB2  |2 slo 
650 4 |a multifilamentárne vodiče  |2 slo 
650 4 |a monofilametárne vodiče  |2 slo 
650 4 |a supravodivosť  |2 slo 
700 1 |a Chlpík, Juraj  |u 036000  |k Z1  |4 ths  |U FEI Fakulta elektrotechniky a informatiky  |T FEI Ústav jadrového a fyzikálneho inžinierstva  |X 54417  |U E060  |Y 817  |7 A000054417 
856 4 |u http://is.stuba.sk/zp/portal_zp.pl?podrobnosti=184568